Study and reports on the VAT gap in the EU-28 Member States 2020 final report /

Detalles Bibliográficos
Autor principal: Śmietanka, Adam
Otros Autores: Bonch-Osmolovskiy, Mikhail, Poniatowski, Grzegorz
Formato: eBook
Lenguaje:inglés
Publicado: Bruselas: European Union Publications Office, 2020
Materias:
Acceso en línea:Acceso restringido

MARC

LEADER 00000nam a22000007a 4500
005 20220131220244.0
007 cr|||| ||||
008 220131s2020 eu |||||s||||i00||0 eng d
020 |a 978-92-76-19429-3 
035 |a 34608 
040 |a vLex 
090 |c 12890  |d 12890 
100 1 |a Śmietanka, Adam 
245 1 0 |a Study and reports on the VAT gap in the EU-28 Member States  |h [Recurso electrn̤ico] :  |b 2020 final report /  |c Adam Smietanka, Mikhail Bonch-Osmolovskiy, Grzegorz Poniatowski 
256 |a Servicio en ln̕ea 
260 |a Bruselas:  |b European Union Publications Office,  |c 2020 
300 |a 1 recurso electrn̤ico 
506 1 |a Disponible solo en los productos indicados  |d vLex Global  |d vLex Global (Academic Edition, excluding Law Schools)  |d vLex Global (U.S. Academic Edition, Law Schools)  |d vLex Global (U.S. Academic Edition, excluding Law Schools)  |d vLex Global (Academic Edition, Law Schools) 
650 0 4 |a Derecho Fiscal  |z Unin̤ Europea 
650 0 4 |a Derecho Comunitario  |z Unin̤ Europea 
700 1 |a Bonch-Osmolovskiy, Mikhail 
700 1 |a Poniatowski, Grzegorz 
740 0 |a vLex Libros (Servicio en ln̕ea) 
856 4 0 |u https://app.vlex.com/#/sources/34608  |z Acceso restringido 
942 |c BOOK 
999 0 |a Tax Law 
999 0 |a Community Law